logo

Bir Sreshtho Munshi Abdur Rouf Library
Jhenaidah Cadet College

The Indian awakening and Bengal / (Record no. 8126)

MARC details
000 -LEADER
fixed length control field 00825cam a2200301 a 4500
001 - CONTROL NUMBER
JCCL Control Number 8126
003 - CONTROL NUMBER IDENTIFIER
JCCL marc code BD-JhCC
005 - DATE AND TIME OF LATEST TRANSACTION
control field 20180218193704.0
008 - FIXED-LENGTH DATA ELEMENTS--GENERAL INFORMATION
fixed length control field 770822s1960 ii 001 0 eng
035 ## - SYSTEM CONTROL NUMBER
system control number (BD-JhCC)8126
035 ## - SYSTEM CONTROL NUMBER
system control number (DLC)61044070
035 ## - SYSTEM CONTROL NUMBER
system control number (UkLCURL)9861044070
040 ## - CATALOGING SOURCE
Original cataloging agency DLC
Transcribing agency TCU
Modifying agency OCoLC
-- DLC
-- BD-JhCC
041 ## - LANGUAGE CODE
Language code of Book eng
050 00 - LIBRARY OF CONGRESS CALL NUMBER
Classification number DS485.B49
Item number B6
082 ## - DEWEY DECIMAL CLASSIFICATION NUMBER
Author mark and Year BOS 1960
090 ## - LOCALLY ASSIGNED LC-TYPE CALL NUMBER (OCLC); LOCAL CALL NUMBER (OCLC)
Classification number (OCLC) (R) ; Classification number, CALL (RLIN) (NR) LCo
100 1# - MAIN ENTRY--PERSONAL NAME
Personal name Bose, Nemai Sadhan.
245 14 - TITLE STATEMENT
Title The Indian awakening and Bengal /
Statement of responsibility, etc by Nemi Sadhan Bose.
250 ## - EDITION STATEMENT
Edition statement 1st ed.
260 ## - PUBLICATION, DISTRIBUTION, ETC. (IMPRINT)
Place of publication, distribution, etc Calcutta :
Name of publisher, distributor, etc Firma K. L. Mukhopadhyay,
Date of publication, distribution, etc 1960.
300 ## - PHYSICAL DESCRIPTION
Pagination iv, 260 p. ;
Dimensions 23 cm.
504 ## - BIBLIOGRAPHY, ETC. NOTE
Bibliography, etc Includes bibliographical references and index.
650 #0 - SUBJECT ADDED ENTRY--TOPICAL TERM
Topical term or geographic name as entry element Nationalism
Geographic subdivision India.
651 #0 - SUBJECT ADDED ENTRY--GEOGRAPHIC NAME
Geographic name Bengal (India)
General subdivision History.
942 ## - ADDED ENTRY ELEMENTS (KOHA)
Source of classification or shelving scheme Dewey Decimal Classification
Koha item type Books
Holdings
Source of classification or shelving scheme Damaged status Not for loan Home library Current library Shelving location Date of accession Full call number Barcode Date last seen Copy number Method of acquisition Koha item type
Dewey Decimal Classification     JCC Rouf Library JCC Rouf Library General Stacks 10/30/2023 909 BOS 1960 10561 02/18/2018 C - 1 Purchase Books

JCC Library | Contacts | JCC Home

Last Update on 23 September 2017
Copyright @ 2017-2020 JCC Rouf Library
Rouf Library, Jhenidah Cadet College (JCC), Bangladesh